Name the Top 100 Retailers in USA (2022) - Statistics

General Stats
  • This quiz has been taken 267 times
  • The average score is 24 of 100
Answer Stats
Answer % Correct
Walmart
97%
Target
92%
Amazon
73%
Macys
70%
Best Buy
66%
Costco
66%
TJX
66%
Home Depot
62%
Lowes
60%
CVS
54%
Walgreens
54%
Kohl's
53%
Kroger
52%
Dick's
51%
Aldi
50%
Dollar Tree
47%
711
43%
Publix
43%
JC Penney
41%
Dollar General
40%
Michaels
40%
Nordstrom
40%
Gap
37%
Ace Hardware
36%
Ross
36%
Albertsons
35%
Barnes & Noble
35%
Bed Bath & Beyond
35%
Hobby Lobby
35%
Rite Aid
32%
IKEA
31%
Ulta
31%
Petco
30%
Dillards
29%
PetSmart
29%
Sephora
29%
Staples
28%
Bath & Body Works
27%
Menards
26%
Big Lots
24%
Burlington
24%
Office Depot
24%
Royal Ahold
24%
Victoria's Secret
24%
Foot Locker
23%
Auto Zone
21%
Wegmans
21%
Hy Vee
20%
Apple Store
17%
Bass Pro
17%
Circle K
17%
Lululemon
17%
Shell
17%
HEB
15%
Restoration Hardware
14%
Verizon Wireless
14%
BJ's
13%
Winco
13%
GNC
12%
AT&T Wireless
11%
Giant Eagle
11%
Saks Fifth Avenue
11%
Save A Lot
11%
Shoprite
11%
Wayfair
11%
Advance Auto
10%
O'Reilly Auto Parts
10%
Academy Sports
9%
Coach
9%
Ingles
9%
True Value
9%
Urban Outfitters
9%
Exxon Mobil
8%
Sprouts Farmers Market
8%
Tractor Supply Company
8%
Williams Sonoma
8%
Casey's
7%
Dell
7%
Harbor Freight Tools
7%
Sherwin Williams
7%
Camping World
6%
Discount Tire
5%
Piggly Wiggley
5%
Save Mart
5%
Southeastern Grocers
5%
Total Wine & More
5%
Weis
5%
American Eagle Outfitters
4%
Chewy.com
4%
Market Basket
4%
Price Chopper
4%
Smart & Final
4%
Good Neighbor Pharmacy
3%
Army & Air Force Exchange
2%
Defense Commissary Agency
2%
Meier
2%
QVC
2%
Signet Jewelers
2%
Stater Bros Holdings
2%
Brandsource
1%
No matching quizzes found
Score Distribution
Percent of People with Each Score
Percentile by Number Answered
Your Score History
You have not taken this quiz